[Event "Joao Pessoa de Assis Memorial 2nd"]
[Site "Joao Pessoa"]
[Date "2022.10.22"]
[Round "3"]
[White "De Lima, Eli Artur Karl"]
[Black "Hoffman, Alejandro"]
[Result "1/2-1/2"]
[WhiteElo "1964"]
[BlackElo "2378"]
[PlyCount "90"]
[EventDate "2022.10.21"]
[EventType "swiss"]
[EventRounds "6"]
[EventCountry "BRA"]
[SourceTitle "CBM 210 Extra"]
[Source "ChessBase"]
[SourceDate "2022.11.30"]
[SourceVersion "1"]
[SourceVersionDate "2022.11.30"]
[SourceQuality "1"]

1. d4 d5 2. c4 e6 3. Nf3 Nf6 4. g3 c6 5. Bg2 Nbd7 6. 0-0 Bd6 7. b3 Qe7 8. Bb2 Ne4 9. Nbd2 f5 10. Nxe4 dxe4 11. Ne5 Nxe5 12. dxe5 Bc5 13. e3 0-0 14. Qc2 Bd7 15. Rfd1 Be8 16. Bf1 Bh5 17. Be2 Bf3 18. Bxf3 exf3 19. Bc3 Rad8 20. Rxd8 Rxd8 21. Rd1 g5 22. Rxd8+ Qxd8 23. Qd2 Qxd2 24. Bxd2 Kf7 25. Kf1 Be7 26. Bc3 Kg6 27. a4 a6 28. b4 Kh5 29. h3 b5 30. axb5 axb5 31. c5 g4 32. h4 Bxh4 33. gxh4 Kxh4 34. Kg1 Kh3 35. Be1 h5 36. Kh1 h4 37. Kg1 g3 38. Kh1 Kg4 39. Kg1 f4 40. e4 h3 41. Kh1 Kh4 42. Kg1 h2+ 43. Kh1 Kh3 44. fxg3 fxg3 45. Bxg3 Kxg3 1/2-1/2